کنیا دان : (Record no. 107987)

MARC details
000 -LEADER
fixed length control field 01018nam a22002657a 4500
005 - DATE AND TIME OF LATEST TRANSACTION
control field 20170123162334.0
010 ## - LIBRARY OF CONGRESS CONTROL NUMBER
LC control number A-770457
020 ## - INTERNATIONAL STANDARD BOOK NUMBER
Terms of availability 60.00
035 ## - SYSTEM CONTROL NUMBER
System control number A-770457
037 ## - SOURCE OF ACQUISITION
Source of stock number/acquisition Cen Lib/Ret
040 ## - CATALOGING SOURCE
Original cataloging agency DPL
Language of cataloging UR
082 ## - DEWEY DECIMAL CLASSIFICATION NUMBER
Classification number 842
Item number ت ے ن
100 ## - MAIN ENTRY--PERSONAL NAME
Personal name تندولکر، وجے
9 (RLIN) 123098
245 ## - TITLE STATEMENT
Title کنیا دان :
Statement of responsibility, etc وجے تندولکر ؛ اردو ترجمہ صادق
Remainder of title سرسوتی سممان یافتہ مراٹھی ڈرامہ /
246 ## - VARYING FORM OF TITLE
Title proper/short title Kanya dan : sarasvati smman yafta marathi drama /
Remainder of title by Vijay Tendulkar ; urdu translation Sadiq
260 ## - PUBLICATION, DISTRIBUTION, ETC. (IMPRINT)
Name of publisher, distributor, etc تخلکار پبلشرس
Place of publication, distribution, etc دہلی
Date of publication, distribution, etc 1995
270 ## - ADDRESS
Address ١٠٤/ب- یاور منزل آی بلاک لکشمی نگر
City دہلی
Postal code 110092
300 ## - PHYSICAL DESCRIPTION
Extent 108p.
Dimensions 21cm(Hb)
650 ## - SUBJECT ADDED ENTRY--TOPICAL TERM
Topical term or geographic name as entry element ادب -- مراٹھی
9 (RLIN) 123099
650 ## - SUBJECT ADDED ENTRY--TOPICAL TERM
Topical term or geographic name as entry element مراٹھی ڈرامے
9 (RLIN) 646
650 ## - SUBJECT ADDED ENTRY--TOPICAL TERM
Topical term or geographic name as entry element Literature -- Marathi
9 (RLIN) 123100
650 ## - SUBJECT ADDED ENTRY--TOPICAL TERM
Topical term or geographic name as entry element Marathi drama
9 (RLIN) 123101
700 ## - ADDED ENTRY--PERSONAL NAME
Personal name صادق
9 (RLIN) 123102
942 ## - ADDED ENTRY ELEMENTS (KOHA)
Source of classification or shelving scheme Dewey Decimal Classification
Koha item type Urdu Bks
Classification part 842
Call number suffix ت ے ن
Holdings
Withdrawn status Lost status Damaged status Not for loan Home library Current library Date acquired Source of acquisition Cost, normal purchase price Total Checkouts Full call number Barcode Date last seen Copy number Cost, replacement price Price effective from Koha item type
        Central Library Central Library 13/01/2016 Cen Lib/Ret 60.00   842 ت ے ن A-770457 13/01/2016 1 60.00 13/01/2016 Urdu Bks

© Delhi Public Library
Hit Counter
free hit counter